Viac o českom poisťovníctve

V rámci sprievodného programu na FIBEXE '96 (Medzinárodný finančný a investičný veľtrh, Brno, Česká Republika) sa uskutočnil odborný seminár - Poisťovníctvo. Konal sa v dvoch blokoch: 1. Životné a dôchodkové poistenie - významná súčasť sociálneho zabezpečenia v ČR, 2. Problematika poistenia priemysl...

Descrizione completa

Salvato in:
Dettagli Bibliografici
Autore principale: Drugdová, Barbora
Natura: Capitolo di libro
Lingua:slovacco
Soggetti:
Tags: Aggiungi Tag
Nessun Tag, puoi essere il primo ad aggiungerne!!

MARC

LEADER 00000naa a2200000 4500
001 r021248
005 20221208113723.8
041 0 |a slo 
044 |a SK 
245 1 0 |a Viac o českom poisťovníctve  |c Barbora Drugdová 
520 |a V rámci sprievodného programu na FIBEXE '96 (Medzinárodný finančný a investičný veľtrh, Brno, Česká Republika) sa uskutočnil odborný seminár - Poisťovníctvo. Konal sa v dvoch blokoch: 1. Životné a dôchodkové poistenie - významná súčasť sociálneho zabezpečenia v ČR, 2. Problematika poistenia priemyslu a podnikateľov v ČR. Aktívna účasť pracovníkov Národohospodárskej fakulty - Katedry peňažníctva Ekonomickej univerzity v Bratislave na tomto seminári. 
610 2 0 |a poisťovníctvo 
610 2 0 |a semináre 
610 2 0 |a Česko 
610 2 0 |a 1996 
610 2 0 |a FIBEX '96 
610 2 0 |a Brno 
100 1 |a Drugdová, Barbora